| 000 | 00482nam a2200181Ia 4500 | ||
|---|---|---|---|
| 003 | GCL | ||
| 008 | 140319s9999 xx 000 0 eng d | ||
| 040 |
_aGCL / _cGCL |
||
| 082 | 0 | 4 |
_a690 _bM A |
| 100 | 1 | _aMASTERMAN,J.W.E. | |
| 245 | 1 | 0 |
_aAN INTRODUCTION TO BUILDING PROCURREMENT SYSTEMS / _cMASTERMAN,J.W.E. |
| 260 |
_a[S.N] : _bFAND FN SPON ، _c1992 |
||
| 300 | _a192 P | ||
| 650 | 0 | 4 | _aBUILDINGS |
| 650 | 0 | 4 | _aAUXILIARY CONSTRACTION |
| 650 | 0 | 4 | _aPRACTICES |
| 942 |
_2ddc _cBK |
||
| 999 |
_c11383 _d11383 |
||